000 00349nam a2200133 4500
005 20260530113905.0
100 1 _aHerausgeber Editor
_932669
245 1 0 _aRanking Design 1998/99 Top 100
264 1 _bHerausgeber Editor
_c1999
300 _a210 páginas
336 _atexto
_2rdacontent
337 _asin medio
_2rdamedia
338 _avolumen
_2rdacarrier
999 _c11906
_d11906